Central Library OPAC University of Rajshahi

The coming harvest / (Record no. 76604)

MARC details
000 -LEADER
fixed length control field 00696nam a2200241 a 4500
001 - CONTROL NUMBER
control field 76604
003 - CONTROL NUMBER IDENTIFIER
rucl marc code BD-RjUL
005 - DATE AND TIME OF LATEST TRANSACTION
control field 20211209082850.0
008 - FIXED-LENGTH DATA ELEMENTS--GENERAL INFORMATION
fixed length control field 191224s1908 nyu 000 0 eng
035 ## - SYSTEM CONTROL NUMBER
System control number (BD-RjUL)76828
040 ## - CATALOGING SOURCE
Original cataloging agency DLC
Transcribing agency CarP
Modifying agency DLC
-- BD-RjUL
Language of cataloging eng
041 ## - LANGUAGE CODE
Language code of text/sound track or separate title eng
082 ## - DEWEY DECIMAL CLASSIFICATION NUMBER
Edition number 23
Classification number 843
Author mark and year BAC 1908
100 1# - MAIN ENTRY--PERSONAL NAME
Personal name Bazin, René,
Dates associated with a name 1853-1932.
9 (RLIN) 236855
245 14 - TITLE STATEMENT
Title The coming harvest /
Statement of responsibility, etc. by René Bazin; Translated by Edna K. Hoyt.
260 ## - PUBLICATION, DISTRIBUTION, ETC. (IMPRINT)
Place of publication, distribution, etc. New York :
Name of publisher, distributor, etc. C. Scribner's sons,
Date of publication, distribution, etc. 1908.
300 ## - PHYSICAL DESCRIPTION
Pagination 3 p.l., 347 p.;
Size 20 cm.
650 ## - SUBJECT ADDED ENTRY--TOPICAL TERM
Topical term or geographic name as entry element French fiction
9 (RLIN) 236856
700 1# - ADDED ENTRY--PERSONAL NAME
Personal name Hoyt, Edna Kinnen.
942 ## - ADDED ENTRY ELEMENTS (KOHA)
Source of classification or shelving scheme Dewey Decimal Classification
Koha item type Books
Holdings
Lost status Source of classification or shelving scheme Damaged status Not for loan Collection code Permanent Location Current Location Shelving location Date acquired Source of acquisition Total Checkouts Full call number Date last seen Copy number Koha item type
  Dewey Decimal Classification   Not For Loan Non-fiction Central Library, University of Rajshahi Central Library, University of Rajshahi Reading Room 15/08/1965 U.S.I.S.   843 BAC 1908 24/12/2019 C-1 Books